Disney General Knowledge Quiz - Statistics

General Stats
  • This quiz has been taken 192 times
  • The average score is 11 of 15
Answer Stats
Hint Answer % Correct
What is the name of Mickey Mouse’s dog? Pluto
95%
What animal is Bambi? Deer
91%
What is the name of the fairy in ‘Peter Pan’? Tinker Bell
90%
In "The Little Mermaid," what is the name of the sea witch who gives Ariel legs in exchange for her voice? Ursula
87%
Who plays the Genie in the 2019 live-action adaptation of ‘Aladdin’? Will Smith
87%
Which was the first-ever Disney Movie? Snow White And The Seven Dwarfs
86%
What was the first Pixar movie? Toy Story
82%
Which Disney princess has a pet chameleon named Pascal? Rapunzel
80%
In ‘Frozen’ who is Kristoff's beloved reindeer? Sven
80%
Which Disney movie features the song "When You Wish Upon a Star"? Pinocchio
75%
What is Mulan’s pet dragon called? Mushu
69%
What is the bear's name in ‘The Jungle Book’? Baloo
68%
What is the name of Cinderella’s evil stepmother? Lady Tremaine
43%
For how many years was the Genie in ‘Aladdin’ stuck in the lamp? 10,000 years
19%
Quasimodo was the bell ringer of which famous cathedral? Notre Dame Cathedral
15%
No matching quizzes found
Score Distribution
Percent of People with Each Score
Percentile by Number Answered
Your Score History
You have not taken this quiz